Software Testing:Principles and Practices/ (Record no. 175631)

MARC details
000 -LEADER
fixed length control field 00874nam a22002297a 4500
005 - DATE AND TIME OF LATEST TRANSACTION
control field 20200911115253.0
010 ## - LCCN (DPL NO)
LC control number ENG-128415
020 ## - INTERNATIONAL STANDARD BOOK NUMBER
Terms of availability 590.00
International Standard Book Number 978177581218
035 ## - SYSTEM CONTROL NUMBER
System control number EN-111947
037 ## - SOURCE OF ACQUISITION
Source of stock number/acquisition DBAD/PUB
082 ## - DEWEY DECIMAL CLASSIFICATION NUMBER
Classification number 005.14
100 ## - MAIN ENTRY--PERSONAL NAME
Personal name Desikan, Srinivasan
245 ## - TITLE STATEMENT
Title Software Testing:Principles and Practices/
Statement of responsibility, etc by Srinivasan Desikan and Gopalswamy Ramesh; edited by Sojan Jose and M.E.Sethurajan
260 ## - PUBLICATION, DISTRIBUTION, ETC. (IMPRINT)
Place of publication, distribution, etc Noida
Name of publisher, distributor, etc Pearson
Date of publication, distribution, etc 2020
270 ## - ADDRESS
Address 15th floor,Tower-B,Word Trade Tower,Plot no.1,Block-C sec 16,
City Noida
Postal code 201301
Telephone number 04466540100
Electronic mail address companysecretary.india@pearson.com
300 ## - PHYSICAL DESCRIPTION
Extent xviii;486p.
Dimensions 23cm(pbk)
Other physical details Illustrations, Graphs and Pictorials
500 ## - GENERAL NOTE
General note Includes Reference, Bibliography and Index
700 ## - ADDED ENTRY--PERSONAL NAME
Personal name Gopalswamy, Ramesh
700 ## - ADDED ENTRY--PERSONAL NAME
Personal name Jose, Sojan
700 ## - ADDED ENTRY--PERSONAL NAME
Personal name Sethurajan, M.E.
942 ## - ADDED ENTRY ELEMENTS (KOHA)
Source of classification or shelving scheme Dewey Decimal Classification
Item type English Books
Classification part 005.14
Call number suffix DES
Holdings
Withdrawn status Lost status Not for loan Collection code Home library Current library Date acquired Source of acquisition Cost, normal purchase price Full call number Barcode Cost, replacement price Koha item type
      Non-fiction Sarojini Nagar Sarojini Nagar 11/09/2020 DBAD/PUB 590.00 005.14 DES EN-111947 590.00 English Books

© Delhi Public Library
Hit Counter
free hit counter